| 000 | 00431nam a22001577a 4500 | ||
|---|---|---|---|
| 008 | 230322b |||||||| |||| 00| 0 eng d | ||
| 040 |
_aNational Science Library _cNational Science Library |
||
| 080 |
_a658 _bN4 |
||
| 100 | _aCollins, James C | ||
| 245 | _aBuilt to last | ||
| 260 |
_aNew York: _bHarper Business Essential, _c1994 |
||
| 300 | _axxiii, 342p. | ||
| 650 | _aManagement | ||
| 653 | _aMarketing | ||
| 942 |
_2udc _cREF |
||
| 999 |
_c12445 _d12445 |
||